000 00976cam a22002414a 4500
001 12984871
005 20241107125026.0
008 021029s2003 maua b 001 0 eng
020 _a0619064897
050 0 0 _aT58.6
_b.S72 2003
082 0 0 _a658.4/038
_221
100 1 _aStair, Ralph M.
245 1 0 _aPrinciples of information systems :
_ba managerial approach /
_cRalph M. Stair, George W. Reynolds.
250 _a6th ed.
260 _aBoston :
_bThomson/Course Technology,
_cc2003.
300 _axxvii, 692 p. :
_bcol. ill. ;
_c29 cm.
650 0 _aManagement information systems.
700 1 _aReynolds, George Walter,
_d1944-
856 4 2 _3Contributor biographical information
_uhttp://www.loc.gov/catdir/enhancements/fy1514/2002041021-b.html
856 4 2 _3Publisher description
_uhttp://www.loc.gov/catdir/enhancements/fy1514/2002041021-d.html
856 4 1 _3Table of contents only
_uhttp://www.loc.gov/catdir/enhancements/fy1514/2002041021-t.html
942 _2lcc
_cBK
_n0
999 _c799
_d799